Spongebob - Statistics

General Stats
  • This quiz has been taken 56 times
  • The average score is 4 of 5
Answer Stats
Question Answer % Correct
what is mt krabs daughter name? pearl
95%
what is planktons # mission in life to steal the krabby patty recipe
95%
where did squidward move? tentacle acres
89%
whats the name of the krabby patty that spongebob took on a date patty
79%
who tried to steal spongebobs boat mobile? miss pearl
74%
No matching quizzes found
Score Distribution
Percent of People with Each Score
Percentile by Number Answered
Your Score History
You have not taken this quiz